| 000 | 00995nam a22002532 4500 | ||
|---|---|---|---|
| 001 | 0000025265 | ||
| 005 | 20151217161204.0 | ||
| 008 | 150416s xx 000 0 eng d | ||
| 020 | _a9350286602 : | ||
| 040 |
_aKABU _cKABU |
||
| 100 | 1 |
_aMalik, Surendra. _@0000185738 |
|
| 245 | 1 | 0 |
_aSupreme court index of cases : _b1952-2011 with cross-citations / _cby Surendra Malik, Sumeet Malik. |
| 260 |
_aLucknow : _bEastern Book Company, _c2012. |
||
| 300 | _aviii, 1389 p. | ||
| 650 | 0 |
_aCourt cases _xIndex. _@0000185786 |
|
| 700 | 1 |
_aMalik, Sumeet. _@0000185787 |
|
| 852 | 1 | _9p9850 KES | |
| 852 | 1 | _9p9850 KES | |
| 852 | 1 | _9p9850 KES | |
| 852 | 1 | _9p9850 KES | |
| 852 | 1 | _9p9850 KES | |
| 908 | _a150416 | ||
| 950 | _@1 | ||
| 999 |
_c15309 _d15309 |
||